Para uma história constitucional do direito português.

Guardat en:
Dades bibliogràfiques
Autor principal: Cunha, Paulo Ferreira da (autor)
Format: Llibre
Publicat: Coimbra, Portugal: Livraria Almedina, 1995.
Matèries:
Etiquetes: Afegir etiqueta
Sense etiquetes, Sigues el primer a etiquetar aquest registre!

MARC

LEADER 00000nam a22000007a 4500
003 CL-VaPUC
005 20220822114649.0
008 220719t1995 ||||| |||| 00| 0 eng d
999 |c 437267  |d 437265 
020 |a 972-40-0809-6 
040 |c Pontificia Universidad Católica de Valparaíso 
082 7 |a 342.469029 CUN 1995  |2 22 
100 |a Cunha, Paulo Ferreira da  |9 480230  |e autor 
245 |a Para uma história constitucional do direito português. 
260 |a Coimbra, Portugal:   |b Livraria Almedina,   |c 1995. 
300 |a 455 páginas. 
500 |a c.1. Donación Familia Prof. Alejandro Guzmán Brito. 
583 |c 20220719  |k Catalogador Asistente 
650 |a Historia constitucional   |z Portugal   |x Fuentes  |9 873400 
650 |a Derecho  |z Portugal   |x Historia   |9 873401 
942 |2 ddc  |c BK  |n 0 
952 |0 0  |1 0  |2 ddc  |4 0  |6 342_469029000000000_CUN_1995  |7 0  |8 C_AGB  |9 585025  |a BIBDER  |b BIBDER  |d 2022-07-19  |e Donación  |i 5653105  |o 342.469029 CUN 1995  |p 5653105  |r 2023-01-25  |t 1  |w 2022-07-19  |y BK_US  |k AGB